| 000 | 00799nam a22002057a 4500 | ||
|---|---|---|---|
| 005 | 2012070607047.0 | ||
| 010 | _aB-477809 | ||
| 020 |
_a9788182472204 _c695.00 |
||
| 035 | _aB-477809 | ||
| 037 |
_adpl _bK. K. Pub /Ven |
||
| 082 | _a891.4414 | ||
| 100 |
_aTagore Rabindranath _949997 |
||
| 245 |
_aPoems & Plays / _cby Rabindernath Tagore |
||
| 260 |
_aChandigarh _bAbhishek Pub _c2008 |
||
| 270 | 2 |
_aSCO 57-59 Sector 17 C _bChandigarh |
|
| 300 |
_a391p _c24cm |
||
| 942 |
_2ddc _cEN _h891.4414 _mTAG |
||
| 999 |
_c68341 _d68341 |
||